000 00430nam a2200181Ia 4500
005 20240823005902.0
008 240823s9999||||xx |||||||||||||| ||und||
041 _aENGLISH
082 _A005.133 N8
100 _a"Kochan,Stephen G"
245 0 _aProgramming in Ansi C
250 _a1st-Re
260 _c1998
_b"Techmedia,New Delhi"
500 _aYES
650 _aANSI C
_bComputer Science
942 _cBK
999 _c157008
_d157008